000 00967nam a22002771 4500
001 24905
003 BD-RjUL
005 20211209001119.0
008 140215r19541919enka 001 0 eng
035 _a(BD-RjUL)24974
035 _a(OCoLC)986026
040 _aDLC
_cOWoC
_dOCoLC
_dDLC
_dBD-RjUL
_beng
041 _aeng
082 _a942.052
_bMAH V-2 1954
100 1 _aQuennell, Marjorie.
_975075
245 0 2 _aA history of everyday things in England /
_cMarjorie and C. H. B. Quennell.
_nVolume II
_p1500 to 1799
260 _aLondon :
_bB.T. Batsford,
_c1954.
300 _axv, 224 p. :
_bill. (incl. plans) plates (part col., part double) diagr. ;
_c23 cm.
504 _aIncludes index.
651 0 _aEngland
_xSocial life and customs.
_976640
700 1 _aQuennell, C. H. B.
_q(Charles Henry Bourne),
_d1872-1935,
_ejoint author.
_975080
740 0 _aEveryday things in England, A history of.
942 _2ddc
_cBK
999 _c24905
_d24905